Corte final / (Registro nro. 7313)

Detalles MARC
000 -LEADER
fixed length control field 00950nam a22002537a 4500
003 - CONTROL NUMBER IDENTIFIER
control field OSt
005 - DATE AND TIME OF LATEST TRANSACTION
control field 20210224121327.0
008 - FIXED-LENGTH DATA ELEMENTS--GENERAL INFORMATION
fixed length control field 210224s1999 sp ||||gr|||| 00| 0 spa d
020 ## - INTERNATIONAL STANDARD BOOK NUMBER
International Standard Book Number 8439210469
040 ## - CATALOGING SOURCE
Original cataloging agency CO-JMCR
Transcribing agency CO-JMCR
041 1# - LANGUAGE CODE
Language code of text/sound track or separate title spa
Language code of original eng
082 04 - DEWEY DECIMAL CLASSIFICATION NUMBER
Edition number 23
Classification number N /
Item number BELc
100 1# - MAIN ENTRY--PERSONAL NAME
Personal name Belbin, David,
Relator term autor
9 (RLIN) 13866
245 10 - TITLE STATEMENT
Title Corte final /
Statement of responsibility, etc. David Belbin ; traducción, Yolanda Chaves
260 ## - PUBLICATION, DISTRIBUTION, ETC.
Place of publication, distribution, etc. Madrid, España :
Name of publisher, distributor, etc. Gaviota,
Date of publication, distribution, etc. 1999
300 ## - PHYSICAL DESCRIPTION
Extent 214 páginas ;
Dimensions 21 cm.
490 ## - SERIES STATEMENT
Series statement Zona limite ;
Volume/sequential designation Crimen y castigo
520 0# - SUMMARY, ETC.
Summary, etc. Sarah Wood es una joven modelo muy guapa que empieza a triunfar en su profesión. Cund le ofrecen un papel de protagonista en una película cree tener el futuro asegurado. Pero los problemas de Sarah comienzan con el rodaje.
650 24 - SUBJECT ADDED ENTRY--TOPICAL TERM
Topical term or geographic name entry element Actrices
9 (RLIN) 13867
650 24 - SUBJECT ADDED ENTRY--TOPICAL TERM
Topical term or geographic name entry element Películas
9 (RLIN) 13868
650 24 - SUBJECT ADDED ENTRY--TOPICAL TERM
Topical term or geographic name entry element Asesinato
9 (RLIN) 13869
700 1# - ADDED ENTRY--PERSONAL NAME
Personal name Chaves, Yolanda,
Relator term traductora
9 (RLIN) 13870
942 ## - ADDED ENTRY ELEMENTS (KOHA)
Source of classification or shelving scheme Dewey Decimal Classification
Koha item type Books

No hay ítems disponibles.